| 000 | 00819cam a2200241 a 4500 | ||
|---|---|---|---|
| 020 | _a0590353403 | ||
| 020 | _a9781480614970 | ||
| 040 | _cDLC | ||
| 082 | 0 | 0 | _a751 ART 1998 A087 Or. |
| 100 | 1 | _aRowling, J. K. | |
| 245 | 1 | 0 | _aHarry Potter and the sorcerer's stone / |
| 250 | _a1st American ed. | ||
| 260 |
_aNew York : _bArthur A. Levine Books, _c1998, c1997. |
||
| 300 |
_avi, 309 p. : _bill. ; _c24 cm. |
||
| 500 | _a"Published by arrangement with Bloomsbury Pub. Plc."--T.p. verso. | ||
| 520 | _aRescued from the outrageous neglect of his aunt and uncle, a young boy with a great destiny proves his worth while attending Hogwarts School for Wizards and Witches. | ||
| 650 | 0 | _aFantasy. | |
| 650 | 0 | _aWitches | |
| 650 | 0 | _aWizards | |
| 650 | 0 | _aSchools | |
| 700 | 1 | _aGrandpr©♭, Mary, | |
| 942 | _cEK | ||
| 999 |
_c14034 _d14034 |
||